Olympische Sportarten (Winter) - Statistiken

Allgemein
  • Dieses Quiz wurde 61 mal gespielt
  • Das Durchschnittsergebnis liegt bei 5 aus 8
Antwortstatistiken
Antworten % Korrekt
Skisport
98%
Biathlon
76%
Bobsport
74%
Eishockey
72%
Curling
57%
Rennrodeln
54%
Eislauf
50%
Skibergsteigen
0%
Keine übereinstimmenden Quizze gefunden
Verteilung der Resultate
Anzahl Personen mit jedem Resultat
Perzentil nach korrekt beantworteten Fragen
Ihre Resultats-Entwicklung
Sie haben dieses Quiz noch nicht gespielt